| 000 | 00000nam 2200000za 4500 |
| 001 | 9.653209 |
| 003 | CaOODSP |
| 005 | 20241122114109 |
| 007 | ta |
| 008 | 150407s1992||||xxc||||| f|0| 0 eng d |
| 020 | |a0-662-59121-6 |
| 040 | |aCaOODSP|beng |
| 041 | |aeng |
| 041 | |afre |
| 043 | |an-cn--- |
| 086 | 1 |aCo22-116/1992 |
| 110 | 1 |aCanada. |bCommunications Canada. |
| 245 | 10|aSpectrum management in Canada / |cIssued by the Spectrum Management Program. |
| 260 | |aOttawa - Ontario : |bCommunications Canada |c1992. |
| 300 | |aEnglish text, 6p. ; |c28 cm. |
| 546 | |aBilingual |
| 563 | |aSoftcover |
| 590 | |a92-46|b1992-11-13 |
| 690 | 07|aTelecommunications|2gcpds |
| 690 | 07|aBroadcasting|2gcpds |
| 776 | 0#|tSpectrum management in Canada.|w(CaOODSP)9.945449 |
| 792 | |tLa gestion du spectre au Canada / |efre|w(CaOODSP)9.653210 |